Коаксиальный виркатор ТЕ10 волны; Молодежь и современные информационные технологии; Т. 1

Manylion Llyfryddiaeth
Parent link:Молодежь и современные информационные технологии: сборник трудов XII Всероссийской научно-практической конференции студентов, аспирантов и молодых ученых, г. Томск, 12-14 ноября 2014 г./ Национальный исследовательский Томский политехнический университет (ТПУ), Институт кибернетики (ИК) ; ред. кол. Е. А. Сикора [и др.].— , 2014
Т. 1.— 2014.— [С. 156-157]
Prif Awdur: Нгуен Мань Хынг
Awdur Corfforaethol: Национальный исследовательский Томский политехнический университет (ТПУ)
Crynodeb:Заглавие с титульного экрана
Iaith:Rwseg
Cyhoeddwyd: 2014
Cyfres:Математическое моделирование и компьютерный анализ данных
Pynciau:
Mynediad Ar-lein:http://earchive.tpu.ru/handle/11683/20378
http://www.lib.tpu.ru/fulltext/c/2014/C04/V1/070.pdf
Fformat: Electronig Pennod Llyfr
KOHA link:https://koha.lib.tpu.ru/cgi-bin/koha/opac-detail.pl?biblionumber=610595

MARC

LEADER 00000naa2a2200000 4500
001 610595
005 20260407162117.0
035 |a (RuTPU)RU\TPU\conf\8210 
035 |a RU\TPU\conf\8208 
090 |a 610595 
100 |a 20150130d2014 k y0rusy50 ca 
101 0 |a rus 
102 |a RU 
135 |a drgn ---uucaa 
181 0 |a i  
182 0 |a b 
200 1 |a Коаксиальный виркатор ТЕ10 волны  |f Нгуен Мань Хынг 
203 |a Текст  |c электронный 
225 1 |a Математическое моделирование и компьютерный анализ данных 
300 |a Заглавие с титульного экрана 
320 |a [Библиогр.: с. 157 (5 назв.)] 
337 |a Adobe Reader 
461 1 |0 (RuTPU)RU\TPU\conf\7802  |t Молодежь и современные информационные технологии  |o сборник трудов XII Всероссийской научно-практической конференции студентов, аспирантов и молодых ученых, г. Томск, 12-14 ноября 2014 г.  |o в 2 т.  |f Национальный исследовательский Томский политехнический университет (ТПУ), Институт кибернетики (ИК) ; ред. кол. Е. А. Сикора [и др.]  |d 2014 
463 0 |0 (RuTPU)RU\TPU\conf\7790  |t Т. 1  |v [С. 156-157]  |d 2014 
610 1 |a труды учёных ТПУ 
610 1 |a электронный ресурс 
610 1 |a виркаторы 
610 1 |a коаксильные виркаторы 
610 1 |a импульсные излучения 
610 1 |a генераторы 
610 1 |a электромагнитные излучения 
610 1 |a электронные пучки 
610 1 |a волны 
700 0 |a Нгуен Мань Хынг 
712 0 2 |a Национальный исследовательский Томский политехнический университет (ТПУ)  |c (2009- )  |3 (RuTPU)RU\TPU\col\15902 
801 2 |a RU  |b 63413507  |c 20210318  |g RCR 
856 4 |u http://earchive.tpu.ru/handle/11683/20378 
856 4 |u http://www.lib.tpu.ru/fulltext/c/2014/C04/V1/070.pdf 
942 |c BK